00455nam a2200181 a 4500001001300000003000900013005001700022008004100039020002300080082001300103100001700116245002400133260004000157300000900197500003500206650001500241700001700256nice12345678IN_TiNIC20260116014126.0100217s2007 newa grp 000 0 eng  a9788125022367c20000a150bHIL aHill, Philip aLacan for Beginners aNew Delhi bOrient Blackswan c2007 a169p aincludes index and biblioraphy aPsychology1 aHill, Philip